|
|
|
|
| LEADER |
00000naa2a2200000 4500 |
| 001 |
675380 |
| 005 |
20250226114516.0 |
| 090 |
|
|
|a 675380
|
| 100 |
|
|
|a 20241010d2024 k||y0rusy50 ca
|
| 101 |
0 |
|
|a rus
|
| 102 |
|
|
|a RU
|
| 135 |
|
|
|a drbn ---uucaa
|
| 200 |
1 |
|
|a Нейронные сети для распознавания объектов при видеонаблюдении в режиме реального времени
|f Петровский В. В.
|
| 225 |
1 |
|
|a Искусственный интеллект, машинное обучение и большие данные
|
| 283 |
|
|
|2 RDAcarrier
|
| 320 |
|
|
|a Список использованных источников: 10 назв
|
| 330 |
|
|
|a Нейронные сети играют значительную роль в различных аспектах видеонаблюдения, применяясь для различных задач. Одной из таких задач являются детектирование объектов. В данной статье будут рассмотрены нейронных сетей, которые используются для распознавания объектов при видеонаблюдении: R-CNN (Region-Based Convolutional Neural Network), YOLO (You Only Look Once) и SSD (Single Shot Detector)
|
| 336 |
|
|
|a Текстовый файл
|
| 463 |
|
|
|0 674802
|9 674802
|c Томск
|d 2024
|n Изд-во ТПУ
|o сборник трудов XXI Международной научно-практической конференции студентов, аспирантов и молодых ученых, 15–18 апреля 2024 г., Томск
|t Молодежь и современные информационные технологии
|u conference_tpu-2024-C04.pdf
|v С. 207-212
|f ред. кол. А. С. Фадеев, Н. Г. Марков, В. Г. Спицын [и др.]
|
| 610 |
1 |
|
|a электронный ресурс
|
| 610 |
1 |
|
|a труды учёных ТПУ
|
| 610 |
1 |
|
|a нейронные сети
|
| 610 |
1 |
|
|a распознавание объектов
|
| 610 |
1 |
|
|a YOLOv8
|
| 700 |
|
1 |
|a Петровский
|b В. В.
|
| 801 |
|
0 |
|a RU
|b 63413507
|c 20241010
|
| 850 |
|
|
|a 63413507
|
| 856 |
4 |
|
|u http://earchive.tpu.ru/handle/11683/84822
|z http://earchive.tpu.ru/handle/11683/84822
|
| 942 |
|
|
|c CF
|